| 000 | 00641nam a2200205Ia 4500 | ||
|---|---|---|---|
| 008 | 131103s9999 xx 000 0 und d | ||
| 040 | _aLoreto College | ||
| 041 | _aEnglish | ||
| 082 |
_a822.33(ID)/OTH/ECC/822.33/T7/SHA _b#NAME? |
||
| 100 | _aShakespeare,William | ||
| 245 |
_aOthello _b the moor of Venice _cWilliam Shakespeare;edited by Mark Eccles |
||
| 260 |
_aNew York _bAppleton - Century - Crofts _c1946 |
||
| 300 |
_axi,114 p. _c 18 cm. |
||
| 504 | _aIncludes bibliographical references | ||
| 650 | _aEnglish Drama | ||
| 651 | _aShakespeare,William - Othello | ||
| 700 | _aEccles,Mark,ed. | ||
| 850 | _aLCLIB | ||
| 942 | _cBK | ||
| 999 |
_c4328 _d54807 |
||